Normal view
MARC view
Entry Personal Name
001 - CONTROL NUMBER
- control field: 28007
003 - CONTROL NUMBER IDENTIFIER
- control field: OSt
005 - DATE AND TIME OF LATEST TRANSACTION
- control field: 20211005165442.0
008 - FIXED-LENGTH DATA ELEMENTS
- fixed length control field: 211005|| aca||aabn | a|a d
040 ## - CATALOGING SOURCE
- Original cataloging agency: OSt
- Transcribing agency: OSt
100 ## - HEADING--PERSONAL NAME
- Personal name: Park, Sungho and Maher, Craig S.
670 ## - SOURCE DATA FOUND
- Source citation: Work cat.: (OSt)517714: Park, Sungho and Maher, Craig S. , Government financial management and the Coronavirus pandemic: A comparative look at South Korea and the united states
